Country Endonyms #2 - Statistics

General Stats
  • This quiz has been taken 152 times
  • The average score is 13 of 15
Answer Stats
Region Endonym Exonym % Correct
Africa Jībūtī Djibouti
99%
Europe Deutschland Germany
95%
Africa Gaana Ghana
95%
Africa Iritriya Eritrea
93%
Africa Ityop'ia Ethiopia
92%
Europe Česká Czech Republic
91%
Caribbean Ayiti Haiti
91%
Europe Suomi Finland
89%
Europe Eesti Estonia
86%
Europe Magyarország Hungary
85%
Oceania Viti Fiji
84%
Africa Gine Guinea
83%
Eurasia Sak'art'velo Georgia
76%
Africa Misr Egypt
74%
Europe Ellada Greece
72%
No matching quizzes found
Score Distribution
Percent of People with Each Score
Percentile by Number Answered
Your Score History
You have not taken this quiz